| 000 | 00619nam a22001817a 4500 | ||
|---|---|---|---|
| 005 | 20251108165250.0 | ||
| 008 | 250721s1995 xx 000 0 ara d | ||
| 082 | 1 | 4 | _a629.8/أحم |
| 100 | 1 | _aعبد المتعال، أحمد | |
| 245 | 1 | 0 | _aأجهزة التحكم المبرمج Plc,s , و تطبيقاتها العملية / |
| 264 | 1 |
_aالقاهرة : _bدار النشر للجامعات المصرية، _c1995. |
|
| 300 | _a243ص | ||
| 490 | 0 | _aسلسلة التحكم العملية ؛ 2 | |
| 650 | 1 | 7 | _aالتحكم الآلي |
| 650 | 1 | 7 | _aهندسة التحكم |
| 942 |
_2ddc _cBK |
||
| 999 |
_c23618 _d23618 |
||